Вербальні та невербальні складові сучасної англомовної реклами (Запис № 285410)

МАРК-запис
000 -LEADER
fixed length control field 01938nam a22001577a 4500
041 ## - LANGUAGE CODE
Language code of text/sound track or separate title ukr
080 ## - UNIVERSAL DECIMAL CLASSIFICATION NUMBER
Universal Decimal Classification number 09
090 ## - LOCALLY ASSIGNED LC-TYPE CALL NUMBER (OCLC); LOCAL CALL NUMBER (OCLC)
Local cutter number (OCLC) ; Book number/undivided call number, CALL (RLIN) РЕВ
100 ## - MAIN ENTRY--PERSONAL NAME
Personal name Ревенко, Л. М.
245 ## - TITLE STATEMENT
Title Вербальні та невербальні складові сучасної англомовної реклами
260 ## - PUBLICATION, DISTRIBUTION, ETC. (IMPRINT)
Place of publication, distribution, etc Острог
Name of publisher, distributor, etc КАФ
Date of publication, distribution, etc 2014
300 ## - PHYSICAL DESCRIPTION
Extent 95
520 ## - SUMMARY, ETC.
Summary, etc Вступ.<br/>Розділ І. Значення вербальних та невербальних складових сучасної англомовної реклами.<br/>1.1. Визначення мовних функцій реклами<br/>1.2. Опис специфіки засобів впливу в рекламному дискурсі<br/>Розділ ІІ. Особливості вербальної та невербальної комунікації.<br/>2.1. Поняття вербальної комунікації та її типологізація<br/>2.2. Невербальні компоненти спілкування<br/>2.3. Публічні виступи як важливий засіб комунікації з громадськістю<br/>Розділ ІІІ. Аналіз вербальних і невербальних компонентівв сучасній англомовній рекламі.<br/>3.1. Інформування та переконання на прикладах реклами<br/>3.2. Інтесифікаційні та мотиваційні аспекти рекламної комунікації<br/>3.3. Вербальні та невербальні компоненти у рекламних пропозиціях<br/>3.4. Слоган, як важливий компонент досягнення успіху реклами<br/>Висновки.<br/>Список використаної літератури.<br/>Додатки.
-- реклама, комунікація, дискурс
650 ## - SUBJECT ADDED ENTRY--TOPICAL TERM
Topical term or geographic name as entry element Research Papers
942 ## - ADDED ENTRY ELEMENTS (KOHA)
Koha item type Книги
Фонди
Withdrawn status Lost status Source of classification or shelving scheme Damaged status Not for loan Home library Current library Date acquired Source of acquisition Cost, normal purchase price Total Checkouts Full call number Barcode Date last seen Price effective from Koha item type
    Universal Decimal Classification     ВІЛ - Відділ іноземн. літератури НБ ВІЛ - Відділ іноземн. літератури НБ 17/06/2014 Акт №8 1.00   09 215490 09/11/2021 17/06/2014 Книги